| 000 | 01197nam a22003377a 4500 | ||
|---|---|---|---|
| 003 | CHAP | ||
| 005 | 20220817044523.0 | ||
| 008 | 120521s2011 it rn 00010 eng d | ||
| 010 | _a103186 | ||
| 011 | _a104158 | ||
| 020 | _a9789251069998 | ||
| 035 | _a114847 | ||
| 040 | _cCHAP | ||
| 082 | 0 | 4 | _a639.2 F46y v.978 |
| 110 | 2 | _aFAO | |
| 245 | 1 | 0 |
_aReport of the joint FAO/WHO expert consultation on the risks and benefits of fish consumption _c/por FAO |
| 260 |
_aRoma : _bFAO, _c2011 |
||
| 300 |
_ax, 50 p. : _bgráfs., tablas |
||
| 490 | 0 |
_aFAO. Informe de pesca y acuicultura _v; 978 |
|
| 500 | _aRome, 25-29 January 2010 | ||
| 590 |
_aBATCH-UPD _b10 _c20130110 _lUCH01 _h1415 |
||
| 590 |
_aBATCH-UPD _b10 _c20130410 _lUCH01 _h0654 |
||
| 590 |
_aCONVERSION _b10 _c20130109 _lUCH01 _h1357 |
||
| 650 | 1 | 4 |
_aPescado _xCalidad. _987444 |
| 650 | 1 | 4 |
_aPescado _xConsumo. _987446 |
| 711 | 2 |
_aJoint FAO/WHO Expert Consultation on the Risks and Benefits of Fish Consumption _d(2010 : _cRome, Italy) _961929 |
|
| 830 | 1 | 0 |
_aFAO. Informe de pesca y acuicultura _v; 978 _939588 |
| 901 | _aBK | ||
| 942 | _cLIBRO | ||
| 949 |
_a639.2 F46y v.978 _bBC _cFAO _d33724002332579 _eFAO1 _gDonaciØn _h116656 _i114847 _sb |
||
| 999 |
_c103186 _d103186 |
||